| 000 | 00793nam a2200229Ia 4500 | ||
|---|---|---|---|
| 001 | 3871 | ||
| 003 | GE_BSU | ||
| 008 | 181216s||||||||xx |||||||||||||| ||und|| | ||
| 040 | _cGE_BSU | ||
| 080 | _a621.18(035.32) | ||
| 100 | _aДнепров,Ю.В. Смирнов,Д.Н. Файнштеин,М.С. | ||
| 245 | _aМонтаж котельных устоновок малой и средней мощности. | ||
| 245 | _bУчебник. | ||
| 245 | _cРед.С.Е.Фельдбарг. | ||
| 250 | _aизд.2-е перераб.и доп. | ||
| 260 | _aМ. | ||
| 260 | _bВысшая школа. | ||
| 260 | _c1975. | ||
| 300 | _a312стр.с илл.22см. | ||
| 653 | _aМонтаж котельных устоновок малой и средней мощности. | ||
| 942 | _cBK | ||
| 999 |
_c37893 _d37893 |
||